Australian standard method of measurement of building works (Record no. 94473)

MARC details
000 -LEADER
fixed length control field 00570cam a2200205 4500
001 - CONTROL NUMBER
control field D1153
008 - FIXED-LENGTH DATA ELEMENTS--GENERAL INFORMATION
fixed length control field 090401t1963 xxu||||| |||| 00| 0 eng d
035 ## - SYSTEM CONTROL NUMBER
System control number (Sirsi) u62717
041 ## - LANGUAGE CODE
Language code of text/sound track or separate title eng
050 ## - LIBRARY OF CONGRESS CALL NUMBER
Classification number 692.30994
110 ## - MAIN ENTRY--CORPORATE NAME
Corporate name or jurisdiction name as entry element Australian Institute of Quantity Surveyors
9 (RLIN) 2261
245 ## - TITLE STATEMENT
Title Australian standard method of measurement of building works
250 ## - EDITION STATEMENT
Edition statement 2nd
260 ## - PUBLICATION, DISTRIBUTION, ETC.
Place of publication, distribution, etc. Crows Nest, NSW
Name of publisher, distributor, etc. Australian Institute of Quantity Surveyo
Date of publication, distribution, etc. 1963
300 ## - PHYSICAL DESCRIPTION
Extent v. 62p. 33cm
350 ## - PRICE (NR) (BK AM CF MU VM SE) [OBSOLETE]
Price 0
520 ## - SUMMARY, ETC.
Summary, etc. Filed SMM 1963/7B
942 ## - ADDED ENTRY ELEMENTS (KOHA)
Suppress in OPAC 0
948 ## - LOCAL PROCESSING INFORMATION (OCLC); SERIES PART DESIGNATOR (RLIN)
c (OCLC) 04/03/1997
Holdings
Withdrawn status Lost status Source of classification or shelving scheme Damaged status Not for loan Home library Current library Shelving location Date acquired Total Checkouts Full call number Barcode Date last seen Copy number Price effective from Koha item type
    Other/Generic Classification Scheme     London London Gallery 09/01/1992   SMM 1963/7 30032070 06/08/2019 1 06/08/2019 Reference material